Online
Catalog

Historia de las formas políticas / (Record no. 22197)

MARC details
000 -CABECERA
campo de control de longitud fija 00904nam a2200253 a 4500
001 - NÚMERO DE CONTROL
campo de control 000022700
005 - FECHA Y HORA DE LA ÚLTIMA TRANSACCIÓN
campo de control 20200930021740.0
008 - DATOS DE LONGITUD FIJA--INFORMACIÓN GENERAL
campo de control de longitud fija 101115s1968 sp 000 0 spa d
040 ## - FUENTE DE LA CATALOGACIÓN
Centro catalogador/agencia de origen DO-SdBNP
Lengua de catalogación spa
Centro/agencia transcriptor BNPHU
041 17 - CÓDIGO DE LENGUA
Código de lengua del texto/banda sonora o título independiente spa
Código de lengua original ger
Fuente del código Código de idiomas MARC
082 ## - NÚMERO DE LA CLASIFICACIÓN DECIMAL DEWEY
Número de clasificación nn*
Número de documento/Ítem nn*
049 ## - FONDOS LOCALES (OCLC)
Fondos de biblioteca BNGR
100 1# - ENTRADA PRINCIPAL--NOMBRE DE PERSONA
Nombre de persona Hintzie, Otto.
9 (RLIN) 46667
240 10 - TÍTULO UNIFORME
Título uniforme Staat und verfassung.
Lenguaje de la obra Español
245 10 - MENCIÓN DE TÍTULO
Título Historia de las formas políticas /
Mención de responsabilidad, etc. Otto Hintze ; traducción de José Díaz García.
260 ## - PUBLICACIÓN, DISTRIBUCIÓN, ETC.
Lugar de publicación, distribución, etc. Madrid :
Nombre del editor, distribuidor, etc. Revista de Occidente,
Fecha de publicación, distribución, etc. 1968.
300 ## - DESCRIPCIÓN FÍSICA
Extensión 322 p. ;
Dimensiones 21 cm.
490 1# - MENCIÓN DE SERIE
Mención de serie Biblioteca de Política y Sociología. Major
Designación de volumen o secuencia 12
534 ## - NOTA SOBRE LA VERSIÓN ORIGINAL
Encabezamiento principal del original Versión original en alemán :
Mención de título del original Staat and Verfassung
700 1# - PUNTO DE ACCESO ADICIONAL--NOMBRE DE PERSONA
Nombre de persona Díaz García, José,
Término indicativo de función/relación tr.
9 (RLIN) 45502
700 1# - PUNTO DE ACCESO ADICIONAL--NOMBRE DE PERSONA
Nombre de persona Holsti, Ole R.
9 (RLIN) 46655
700 1# - PUNTO DE ACCESO ADICIONAL--NOMBRE DE PERSONA
Nombre de persona Fagen, Richard R.
9 (RLIN) 46656
830 #0 - PUNTO DE ACCESO ADICIONAL DE SERIE-TÍTULO UNIFORME
Título uniforme Biblioteca de Política y Sociología
Nombre de parte o sección de la obra Major
Designación de volumen o secuencia 12
9 (RLIN) 46668
Holdings
Estado de retiro Estado de pérdida Restricciones de uso No para préstamo Código de colección Localización permanente Ubicación/localización actual Ubicación en estantería Fecha de adquisición Número de inventario Total de préstamos Signatura topográfica completa Código de barras Fecha visto por última vez Precio válido a partir de Tipo de ítem Koha
        Monografías: Libros y Folletos General General En catalogación 15.11.2010 LF1   nn* nn* 22700-10 25.06.2020 25.06.2020 Préstamo en sala

Powered by Koha